Pla de camins : 1935 / Generalitat de Catalunya 1935 / Generalitat de Catalunya
Descripción Física:
52 f. : mecanografiats, 1 map. pleg., col. ; 31'6 cm
MARC
| LEADER | 00000nam a2200000Ia 4500 | ||
|---|---|---|---|
| 001 | 8092 | ||
| 003 | BGR | ||
| 005 | 20260324175242.0 | ||
| 008 | 160829s9999 xx 000 0 cat d | ||
| 080 | |a FOL-1-84 | ||
| 110 | 1 | |a Catalunya. |b Generalitat |9 12125 | |
| 245 | |a Pla de camins : |b 1935 / Generalitat de Catalunya | ||
| 260 | |a Barcelona : |b Diputació de Barcelona. Gabinet Tècnic. Obres Públiques, setembre 1977 | ||
| 300 | |a 52 f. : |b mecanografiats, 1 map. pleg., col. ; |c 31'6 cm | ||
| 650 | 0 | |a Camins |z Catalunya |x Disseny i construcció |9 30474 | |
| 710 | 1 | |a Barcelona (Catalunya : Província). |b Diputació |9 52408 | |
| 901 | |a Arxiu | ||
| 942 | |n 1 |2 udc |c MON | ||
| 952 | |0 0 |1 0 |4 0 |6 FOL184 |7 1 |9 42609 |a Arxiu |b Arxiu |d 2016-12-01 |l 0 |o FOL-1-84 |p 8092 |r 2016-12-01 00:00:00 |w 2016-12-01 |y ARXIU | ||
| 999 | |c 45114 |d 45114 | ||